20 personnages de film en images. (aléatoire) - Statistiques

Statistiques générales
  • Ce quiz a été pris 299 fois
    291 depuis la dernière actualisation
  • Le résultat moyen est 8 sur 20
Statistiques - réponses
Par images Réponse % Correct
Alice
100%
Aquaman
100%
Austin Powers
100%
Bambi
100%
Barbie
100%
Beethoven
100%
Belle
100%
Blanche-Neige
100%
Brice Agostini
100%
Buzz l'Éclair
100%
Cendrillon
100%
Cyrano de Bergerac
100%
Dumbo
100%
Elsa
100%
E.T.
100%
Flash
100%
Grincheux
100%
Gru
100%
Harry Potter
100%
Hulk
100%
Iron Man
100%
Jack Sparrow
100%
Jafar
100%
Le Chat Potté
100%
Le Joker
100%
Le Petit Prince
100%
Mary Poppins
100%
Mulan
100%
Nemo
100%
Neo
100%
Obélix
100%
Œil-de-faucon
100%
Peter Pan
100%
Pinocchio
100%
Spider-man
100%
Thor
100%
Vaiana
100%
Venom
100%
Wall-E
100%
Willy Wonka
100%
Wolverine
100%
Wonder Woman
100%
Yoda
100%
Zorro
100%
Aladdin
94%
Capitaine Crochet
93%
Jack Dawson
93%
Tarzan
93%
Astérix
92%
Edward
92%
Rose DeWitt Bukater
92%
Superman
92%
Leia Organa
91%
Mercredi Addams
91%
Peau d'Âne
91%
Deadpool
90%
Voldemort
90%
Captain America
89%
Stitch
89%
Amélie Poulain
88%
Batman
88%
Dobby
88%
Mr Bean
88%
Sid
88%
Adonis Johnson Creed
86%
Ariel
86%
Dark Vador
86%
Freddie Mercury
86%
Hannibal Lecter
86%
Monstre de Frankenstein
86%
Napoléon Bonaparte
86%
Albus Dumbledore
83%
Baloo
83%
Édith Piaf
83%
Jasmine
83%
Legolas
83%
Mario
83%
Mowgli
83%
Saroumane
83%
Willy
83%
Winnie l'ourson
83%
Grippe-Sou
82%
Indiana Jones
82%
John Rambo
82%
Beetlejuice
80%
Black Panther
80%
Cruella
80%
Forrest Gump
80%
Han Solo
80%
Jessica Rabbit
80%
Joseph Merrick
80%
Magneto
80%
Flash McQueen
78%
Groot
78%
Jeff Tuche
78%
Pocahontas
78%
Pumba
78%
Simba
78%
Black Widow
75%
Chihiro
75%
Chucky
75%
Gandalf
75%
Gromit
75%
Joie
75%
King Kong
75%
Luke Skywalker
75%
Otis
75%
Severus Rogue
75%
Shrek
75%
Simplet
75%
T-800
75%
Tiana
75%
Gollum
73%
Quasimodo
73%
Thanos
73%
Abraham Lincoln
71%
Aslan
71%
Duchesse
71%
Fantomas
71%
Godzilla
71%
Léon
71%
Pete Mitchell
71%
Raiponce
71%
Scar
71%
Totoro
70%
Arthur
67%
Bumblebee
67%
C-3PO
67%
François Pignon
67%
Freddy Krueger
67%
Maléfique
67%
Roger Rabbit
67%
Achille
64%
Aragorn
64%
Aurore
64%
Marty McFly
64%
Nosferatu
64%
Optimus Prime
64%
Chapelier fou
63%
Imperator Furiosa
63%
L'Âne
63%
Lotso
63%
Nicolas
63%
Rocky Balboa
63%
Vincent Vega
63%
Will Hunting
63%
Al Capone
60%
Gimli
60%
Hubert Bonisseur de La Bath
60%
L'œil de Sauron
60%
Obi-Wan Kenobi
60%
Xénomorphe
60%
Hellboy
57%
R2-D2
57%
Timon
57%
Dracula
56%
Nanny McPhee
56%
Vito Corleone
56%
Benjamin Button
55%
Bob Razowski
55%
Jeanne d'Arc
55%
Borat Sagdiyev
50%
Bridget Jones
50%
Charlot
50%
Cléopâtre
50%
Django
50%
Dominic Toretto
50%
Edmond Dantès
50%
Elliott
50%
Elton John
50%
Frodon Sacquet
50%
George VI
50%
Gizmo
50%
Godefroy de Montmirail
50%
Hans Beckert
50%
Jason
50%
Jésus-Christ
50%
Johannes Betzler
50%
John Wick
50%
Katniss Everdeen
50%
L'Homme sans nom
50%
Maximus Decimus Meridius
50%
Mme Iphigénie Doubtfire
50%
Po Ping
50%
Porco Rosso
50%
Rebelle
50%
Reine-sorcière
50%
Rémy
50%
RoboCop
50%
Scrat
50%
Sentenza
50%
Trinity
50%
V
50%
Wallace
50%
Odile Deray
47%
Juliette Capulet
45%
Palpatine
45%
Axel Foley
44%
Bilbon Sacquet
44%
Davy Jones
44%
Robert Oppenheimer
44%
Roméo Montaigu
44%
Commode
43%
Jack Skellington
43%
James Bond
43%
Kevin McCallister
43%
Lawrence d'Arabie
43%
Michael Corleone
43%
Miranda Priestly
43%
Pierre Mortez
43%
Conan le barbare
40%
Didier
40%
Dory
40%
Erin Brockovich
40%
Gandhi
40%
Leatherface
40%
Leonidas
40%
Ludovic Cruchot
40%
M. Indestructible
40%
Professeur Xavier
40%
Smaug
40%
Woody
40%
Cyclope
38%
Don Camillo
38%
Max Rockatansky
38%
Numérobis
38%
San
38%
Sarah Connor
38%
Sherlock Holmes
38%
Thomas
38%
Tuco
38%
Alex
36%
Apollo Creed
36%
Billy Elliot
36%
Wilson
36%
Adenoïd Hynkel
33%
Babe
33%
Claude Frollo
33%
Dark Maul
33%
Doctor Strange
33%
Dr Alan Grant
33%
Eggsy
33%
Ghostface
33%
Jean-Claude Dusse
33%
Jeff Lebowski
33%
Jordan Belfort
33%
La Denrée
33%
Mia Wallace
33%
Moïse
33%
Patrick Bateman
33%
Predator
33%
Spock
33%
Yannick
33%
Krokmou
31%
La coccinelle
31%
Mark Zuckerberg
31%
Morpheus
31%
Verbal Kint
31%
Nikita
30%
Pierre
30%
Bill
29%
Docteur Emmett Brown
29%
Oskar Schindler
29%
Rey
29%
Agent K
25%
Charles Duchemin
25%
Jason Bourne
25%
John Doe
25%
John J. Dunbar
25%
Mathilda
25%
Mildred Ratched
25%
Norman Bates
25%
Robin des Bois
25%
César
22%
Pierre Morhange
22%
Star-Lord
22%
Sully
22%
Tony Montana
22%
Ace Ventura
20%
Agent J
20%
Annie Wilkes
20%
Clementine Kruczynski
20%
Connor MacLeod
20%
Danny Torrance
20%
Harvey Milk
20%
John Caffey
20%
John Kramer
20%
Manon Cadoret
20%
Maria
20%
Maurice Groseille
20%
Professeur Ian Malcolm
20%
Regan Theresa MacNeil
20%
Spartacus
20%
Stanley Ipkiss
20%
Truman Burbank
20%
Vinz
20%
Hancock
18%
Tyler Durden
18%
Daniel Plainview
17%
Eliot Ness
17%
John Keating
17%
Johnny Castle
17%
L'empereur Puyi
17%
Lester Burnham
17%
Mike Lowrey
17%
Petit Gibus
17%
Red
17%
Requin
17%
Samuel Fabelman
17%
Sandy Olsson
17%
Brian O'Conner
14%
Claude Verneuil
14%
Danny Zuko
14%
Driss
14%
Ethan Hunt
14%
Hans Gruber
14%
Hugo Cabret
14%
Jules Winnfield
14%
Le Chiffre
14%
Lisbeth Salander
14%
Méchante sorcière de l'Ouest
14%
Tatie Danielle
14%
Calvin Candie
13%
Dorothée Gale
13%
Guido Orefice
13%
Inspecteur Antoine Gallien
13%
Jack Torrance
13%
Leeloo
13%
Ellen Ripley
11%
Jake Blues
11%
Joel Barish
11%
Rick Blaine
11%
Agent Smith
10%
Amy Dunne
10%
George Bailey
10%
Sebastian Wilder
10%
Charles Foster Kane
9%
Le conducteur
9%
Hans Landa
8%
Juré N°8
8%
L'Homme invisible
8%
Mia Dolan
7%
François Perrin
6%
Adolfo Ramirez
0%
Alan Parrish
0%
Alex Delarge
0%
Alonzo Harris
0%
Amon Goeth
0%
Andrew Beckett
0%
Andrew Neiman
0%
Andy Dufresne
0%
Annie Hall
0%
Antoine Doinel
0%
Antoine Maréchal
0%
Anton Chigurh
0%
Antonio Salieri
0%
Atticus Finch
0%
Augustin Bouvet
0%
Auric Goldfinger
0%
Barbarella
0%
Barry Lyndon
0%
Benoît Pappaert
0%
Biff Tannen
0%
Bill le boucher
0%
Bob Harris
0%
Bonnie Parker
0%
Buscapé
0%
Camille
0%
Capitaine Benjamin L. Willard
0%
Capitaine John H. Miller
0%
Capitaine Virgil Hilts
0%
Carrie White
0%
Catherine Tramell
0%
Charlie Brigante
0%
Chris Kyle
0%
Chris Washington
0%
Clarice Starling
0%
Clément Mathieu
0%
Cole Sear
0%
Colonel Dax
0%
Daniel Morales
0%
David Aaronson
0%
David Bowman
0%
David Dunn
0%
Delphine Garnier
0%
Desmond Thomas Doss
0%
Docteur Denfer
0%
Docteur Folamour
0%
Dolores Van Cartier
0%
Don Salluste
0%
Dutch Schaefer
0%
Edward Daniels
0%
Fatal
0%
Ferdinand Griffon
0%
Fernand Naudin
0%
Fliora Gaïchoun
0%
Francis Costello
0%
François le facteur
0%
François Merlin
0%
François Perrin
0%
Frank
0%
Frank Drebin
0%
Frank Slade
0%
Gérard Barbier
0%
Guillaume de Baskerville
0%
Hal 9000
0%
Harry Callahan
0%
Harry Goldfarb
0%
Harry Powell
0%
Harry Stamper
0%
Héloïse
0%
Henry Hill
0%
Hidetora Ichimonji
0%
Hugh Glass
0%
Idi Amin Dada
0%
Inigo Montoya
0%
Jack Burton
0%
Jack Slater
0%
Jacquouille la Fripouille
0%
Jake LaMotta
0%
Jake Sully
0%
Jamal Malik
0%
James Markum
0%
Jill McBain
0%
Jim Stark
0%
John McClane
0%
John Milton
0%
Joseph Cooper
0%
Josselin Beaumont
0%
Judah Ben-Hur
0%
Ken Miles
0%
La Mariée
0%
La Mort
0%
Larry Daley
0%
Le colonel Walter E. Kurtz
0%
Le docteur Caligari
0%
Le docteur Mabuse
0%
Lee
0%
Leonard Lawrence
0%
Léopold Saroyan
0%
Le soldat Pithivier
0%
L'Homme à l'harmonica
0%
L'homme amphibien
0%
L'Homme de Fer
0%
Lieutenant Colonel Bill Kilgore
0%
Lieutenant Maréchal
0%
Marge Gunderson
0%
Martin Brody
0%
Martin Riggs
0%
Marv
0%
Maximilian Bercovicz
0%
M. Blonde
0%
M.Gustave
0%
Michael Myers
0%
M. White
0%
Neil McCauley
0%
Nina Sayers
0%
Norma Desmond
0%
Oh Dae-su
0%
Paul Atréides
0%
Peter Venkman
0%
Phil Connors
0%
Philippe
0%
Phyllis Dietrichson
0%
Pinhead
0%
Randle McMurphy
0%
Raoul Silva
0%
Raymond Babbitt
0%
Rhett Butler
0%
Rick Deckard
0%
Ringo Kid
0%
Robert McCall
0%
Roger Thornhill
0%
Roy Batty
0%
Rupert Pupkin
0%
Sam Rothstein
0%
Sam Spade
0%
Sam Wheat
0%
Scarlett O'Hara
0%
Sergent instructeur Hartman
0%
Seth Brundle
0%
Snake Plissken
0%
Solange Garnier
0%
Stanislas Lefort
0%
T-1000
0%
Terence Fletcher
0%
Terry Malloy
0%
Terry Malloy
0%
Tommy DeVito
0%
Tony Lip
0%
Travis Bickle
0%
Victoire Beretton
0%
Victor Pivert
0%
Vivian Ward
0%
Wade Owen Watts
0%
William Munny
0%
William Wallace
0%
Winslow Leach
0%
Władysław Szpilman
0%
Zé Pequeno
0%
Aucun quiz correspondant
Distribution des résultats
% des personnes avec chaque résultat
Percentile par nombre de réponses
Votre historique - résultats
Vous n’avez pas pris ce quiz depuis la dernière actualisation